00482nam a2200157 450000500170000001000150001702000260003203500140005803700130007208200120008510000170009724500770011426000380019127000750022930000200030420190313141959.0 aENG-124878 a9789380200606c499.00 aEN-108410 bDBAD/PUB a332.024 aPandit, Amar aThe only financial planning book:bthat you will ever need/cAmar Pandit aMumbaibTV 18 Broadcast Ltdc2017 a414, 1st Floor Empire Mills Empire, Senapti Bapat MargbMumbaie400013 a324p.c22cm(Hb)